[Event "Olimpiada Calviá 2004"]
[Site "Calviá ESP"]
[Date "2004.10.19"]
[Round "5.64"]
[White "Jday, Wassim"]
[Black "Zoltek, Tadeusz"]
[Result "0-1"]
[WhiteElo "2143"]
[BlackElo "2313"]
[PlyCount "132"]
[EventDate "2004.10.15"]
[EventType "team"]
[EventRounds "14"]
[EventCountry "ESP"]
[Source "lmi"]
[SourceDate "2004.10.27"]

1. e4 Nf6 2. Nc3 d5 3. exd5 Nxd5 4. Nxd5 Qxd5 5. d4 Nc6 6. Nf3 Bg4 7. Be2 O-O-O
8. Be3 e5 9. c4 Qa5+ 10. Bd2 Bb4 11. d5 Bxf3 12. Bxf3 Nd4 13. Rc1 Bxd2+ 14.
Qxd2 Qxd2+ 15. Kxd2 Nxf3+ 16. gxf3 c6 17. Ke3 cxd5 18. cxd5+ Kd7 19. Ke4 Kd6
20. Rc3 g6 21. Rhc1 f5+ 22. Ke3 Rd7 23. Rd1 Rc7 24. Rxc7 Kxc7 25. f4 Re8 26.
Rd2 Kd6 27. h4 exf4+ 28. Kxf4 Re4+ 29. Kg3 Rg4+ 30. Kh3 Ra4 31. b3 Ra5 32. Kg3
Rxd5 33. Re2 Kd7 34. f3 Rd4 35. Rc2 b6 36. Re2 h6 37. Rc2 g5 38. hxg5 hxg5 39.
Re2 Rd6 40. Rh2 a5 41. Re2 Kc6 42. Re5 Rf6 43. Re8 g4 44. Re5 gxf3 45. Kxf3 Rd6
46. Re2 Rd4 47. Rh2 Kb5 48. Ke3 Re4+ 49. Kd3 Kb4 50. Rh6 b5 51. Rb6 Re8 52. a3+
Kc5 53. Ra6 f4 54. Rf6 Re3+ 55. Kc2 f3 56. Rf4 Kd5 57. a4 b4 58. Rf8 Ke4 59.
Rf7 Re2+ 60. Kd1 Rb2 61. Ke1 Rxb3 62. Ra7 Rb1+ 63. Kf2 Rb2+ 64. Kf1 Ra2 65.
Rxa5 b3 66. Rb5 b2 0-1

[Event "Olimpiada Calviá 2004 Femenina"]
[Site "Calviá ESP"]
[Date "2004.10.19"]
[Round "5.10"]
[White "Sabirova, Olga"]
[Black "Repkova, Eva"]
[Result "0-1"]
[WhiteElo "2250"]
[BlackElo "2410"]
[PlyCount "116"]
[EventDate "2004.10.15"]
[EventType "team"]
[EventRounds "14"]
[EventCountry "ESP"]
[Source "lmi"]
[SourceDate "2004.10.27"]

1. e4 d5 2. exd5 Qxd5 3. Nc3 Qa5 4. d4 c6 5. Bc4 Bf5 6. Bd2 e6 7. d5 cxd5 8.
Nxd5 Qd8 9. Ne3 Be4 10. Nf3 Nc6 11. Qe2 Bxf3 12. Qxf3 Qf6 13. Qxf6 Nxf6 14. O-O
Ne4 15. Rad1 O-O-O 16. Bc1 Bd6 17. Be2 Bf4 18. Bf3 Ng5 19. Bxc6 bxc6 20. g3 Bc7
21. Nc4 Ne4 22. Be3 Kb7 23. Bd4 f6 24. Rd3 Rd5 25. Rb3+ Ka8 26. Be3 Nd6 27.
Nxd6 Rxd6 28. Ra3 Bb8 29. Kg2 Rhd8 30. Kf3 Rd5 31. c4 R5d7 32. Bb6 Re8 33. Be3
f5 34. Re1 e5 35. Ke2 e4 36. Rd1 Red8 37. Rxd7 Rxd7 38. Bc5 g5 39. f3 exf3+ 40.
Rxf3 f4 41. g4 Be5 42. b3 Bd6 43. Bxd6 Rxd6 44. Rh3 h6 45. Rc3 Kb7 46. Rc2 Kc7
47. h4 Re6+ 48. Kf2 Re3 49. hxg5 hxg5 50. Rc1 Rg3 51. Rh1 Rxg4 52. c5 Rh4 53.
Re1 Kd7 54. Rd1+ Kc7 55. Re1 Rh2+ 56. Kf3 Rh3+ 57. Kg4 Rg3+ 58. Kf5 f3 0-1

[Event "Olimpiada Calviá 2004 Femenina"]
[Site "Calviá ESP"]
[Date "2004.10.19"]
[Round "5.36"]
[White "Sabah Moslem, Raneen"]
[Black "Koskoska, Gabriela"]
[Result "0-1"]
[WhiteElo "1912"]
[BlackElo "2242"]
[PlyCount "86"]
[EventDate "2004.10.15"]
[EventType "team"]
[EventRounds "14"]
[EventCountry "ESP"]
[Source "lmi"]
[SourceDate "2004.10.27"]

1. e4 c5 2. c3 Nf6 3. e5 Nd5 4. d4 cxd4 5. cxd4 d6 6. Bc4 Nb6 7. Bb3 dxe5 8.
dxe5 Qxd1+ 9. Bxd1 Nc6 10. f4 g5 11. Nc3 Bg7 12. Nf3 gxf4 13. Bxf4 Bg4 14. O-O
O-O 15. h3 Bxf3 16. Bxf3 Nc4 17. Bxc6 bxc6 18. Rf2 Nxe5 19. Bxe5 Bxe5 20. Rc2
Rab8 21. b3 Rfd8 22. Rac1 Rbc8 23. Ne2 Rd6 24. Kf1 Bf6 25. Rc5 Rd2 26. Ra5 Rc7
27. Rc4 Rd1+ 28. Kf2 Rd6 29. Kf1 Kf8 30. Rca4 Rdd7 31. Rc4 Ke8 32. Rh5 Rd1+ 33.
Kf2 Rcd7 34. Ra4 R1d6 35. Ke1 Rd1+ 36. Kf2 R7d2 37. Rxh7 c5 38. Re4 Rxa2 39.
Rh6 Bd4+ 40. Kg3 f5 41. Ree6 Rd3+ 42. Kh4 Bg7 43. Rhg6 Kf7 0-1

[Event "Olimpiada Calviá 2004"]
[Site "Calviá ESP"]
[Date "2004.10.20"]
[Round "6.1"]
[White "Mamedov, Rauf"]
[Black "Karjakin, Sergey"]
[Result "0-1"]
[WhiteElo "2517"]
[BlackElo "2576"]
[PlyCount "68"]
[EventDate "2004.10.15"]
[EventType "team"]
[EventRounds "14"]
[EventCountry "ESP"]
[Source "lmi"]
[SourceDate "2004.10.27"]

1. e4 e5 2. Nf3 Nc6 3. d4 exd4 4. Nxd4 Nf6 5. Nxc6 bxc6 6. e5 Qe7 7. Qe2 Nd5 8.
c4 Nb6 9. Nc3 Qe6 10. Qe4 Ba6 11. b3 Bb4 12. Bd2 Bxc3 13. Bxc3 d5 14. Qh4 dxc4
15. Be2 Nd5 16. Bxc4 g5 17. Qd4 Bxc4 18. Qxc4 O-O-O 19. O-O Nf4 20. Qxe6+ Nxe6
21. Rac1 Rd3 22. Rfd1 Rd5 23. Kf1 Rhd8 24. Re1 h5 25. g3 g4 26. Kg2 Ng5 27. e6
Nxe6 28. Bf6 Rg8 29. Re4 Rg6 30. Be5 Nc5 31. Rxc5 Rxc5 32. Bf4 Re6 33. Ra4 a5
34. a3 Rb5 0-1

[Event "Olimpiada Calviá 2004"]
[Site "Calviá ESP"]
[Date "2004.10.20"]
[Round "6.3"]
[White "Avrukh, Boris"]
[Black "Grischuk, Alexander"]
[Result "1/2-1/2"]
[WhiteElo "2614"]
[BlackElo "2704"]
[PlyCount "87"]
[EventDate "2004.10.15"]
[EventType "team"]
[EventRounds "14"]
[EventCountry "ESP"]
[Source "lmi"]
[SourceDate "2004.10.27"]

1. d4 Nf6 2. c4 e6 3. g3 d5 4. Nf3 dxc4 5. Bg2 c5 6. O-O Nc6 7. Ne5 Bd7 8. Na3
cxd4 9. Naxc4 Be7 10. Bf4 Nd5 11. Nxd7 Nxf4 12. Bxc6 bxc6 13. Nde5 Nh3+ 14. Kg2
Ng5 15. f3 Rc8 16. Nxc6 Qd5 17. N4a5 Bd8 18. Qa4 Qd7 19. Qa3 f6 20. Nxd8 Rxd8
21. Rac1 e5 22. Nc6 Rc8 23. Qxa7 Rc7 24. Qa8+ Rc8 25. Qa6 Kf7 26. Qc4+ Ne6 27.
b4 h5 28. b5 h4 29. f4 exf4 30. Rxf4 Rh5 31. Rxh4 Rxh4 32. gxh4 Rh8 33. Rf1 Qd6
34. Rf3 Rxh4 35. h3 Rh5 36. a4 Rg5+ 37. Kh1 Kg6 38. Qd3+ Kh6 39. Rf1 Qc5 40.
Qe4 Qc3 41. Qf3 Qc5 42. Qe4 Qc3 43. Qf3 Qc5 44. Qe4 1/2-1/2

[Event "Olimpiada Calviá 2004"]
[Site "Calviá ESP"]
[Date "2004.10.20"]
[Round "6.4"]
[White "Krasenkow, Michal"]
[Black "Delchev, Aleksander"]
[Result "1/2-1/2"]
[WhiteElo "2676"]
[BlackElo "2601"]
[PlyCount "61"]
[EventDate "2004.10.15"]
[EventType "team"]
[EventRounds "14"]
[EventCountry "ESP"]
[Source "lmi"]
[SourceDate "2004.10.27"]

1. d4 d5 2. c4 c6 3. Nf3 Nf6 4. Nc3 a6 5. c5 Nbd7 6. Bf4 Nh5 7. e3 g6 8. h4
Nxf4 9. exf4 Qc7 10. g3 Bg7 11. h5 b6 12. cxb6 Qxb6 13. Qd2 Rb8 14. Na4 Qb4 15.
Qxb4 Rxb4 16. b3 c5 17. Rc1 c4 18. Ne5 Bb7 19. hxg6 hxg6 20. Rxh8+ Bxh8 21.
Nxd7 cxb3 22. Ndc5 bxa2 23. Nc3 Bxd4 24. Nxa2 Rb2 25. Nxb7 Bxf2+ 26. Kd1 Rxa2
27. Rc3 Kd7 28. g4 Ra4 29. f5 gxf5 30. gxf5 e6 31. fxe6+ 1/2-1/2

[Event "Olimpiada Calviá 2004"]
[Site "Calviá ESP"]
[Date "2004.10.20"]
[Round "6.4"]
[White "Cheparinov, Ivan"]
[Black "Miton, Kamil"]
[Result "1/2-1/2"]
[WhiteElo "2576"]
[BlackElo "2600"]
[PlyCount "61"]
[EventDate "2004.10.15"]
[EventType "team"]
[EventRounds "14"]
[EventCountry "ESP"]
[Source "lmi"]
[SourceDate "2004.10.27"]

1. e4 c6 2. d4 d5 3. e5 Bf5 4. Nc3 e6 5. g4 Bg6 6. Nge2 Bb4 7. Bg2 c5 8. Bd2
Nc6 9. Nb5 Bxd2+ 10. Qxd2 cxd4 11. Nexd4 Nxd4 12. Nd6+ Kf8 13. Qxd4 h5 14. c4
dxc4 15. Qc5 Qe7 16. g5 Rd8 17. h4 Bd3 18. b3 b6 19. Qd4 Qc7 20. bxc4 Bg6 21.
Qf4 Ne7 22. O-O Kg8 23. Be4 Nc8 24. Rad1 Nxd6 25. Bxg6 fxg6 26. exd6 Qf7 27.
Qe4 Kh7 28. Rfe1 Rhf8 29. Re2 e5 30. Rd5 Qe6 31. Rxe5 1/2-1/2

[Event "Olimpiada Calviá 2004"]
[Site "Calviá ESP"]
[Date "2004.10.20"]
[Round "6.6"]
[White "Zhang, Zhong"]
[Black "Movsesian, Sergei"]
[Result "1/2-1/2"]
[WhiteElo "2596"]
[BlackElo "2629"]
[PlyCount "127"]
[EventDate "2004.10.15"]
[EventType "team"]
[EventRounds "14"]
[EventCountry "ESP"]
[Source "lmi"]
[SourceDate "2004.10.27"]

1. e4 c5 2. Nf3 d6 3. d4 cxd4 4. Nxd4 Nf6 5. Nc3 e6 6. g4 h6 7. h3 Nc6 8. Bg2
Nxd4 9. Qxd4 e5 10. Qd3 Be6 11. Be3 Be7 12. O-O-O O-O 13. f4 Qa5 14. g5 hxg5
15. fxg5 Nh7 16. h4 Bxa2 17. Qb5 Qxb5 18. Nxb5 Rfc8 19. Nxa7 Rc7 20. Nb5 Rc6
21. Kd2 Bc4 22. Nc3 Bd8 23. Ra1 Rca6 24. Rxa6 Rxa6 25. Nd5 g6 26. b3 Ba5+ 27.
Kd1 Bxd5 28. exd5 f6 29. Ke2 Bb6 30. Bxb6 Rxb6 31. Be4 Kg7 32. Rg1 fxg5 33.
hxg5 Ra6 34. Kd3 Ra8 35. b4 Rf8 36. Ke3 Rf4 37. c4 b6 38. c5 dxc5 39. bxc5 bxc5
40. d6 Nf8 41. Rd1 Ne6 42. d7 Nd8 43. Rd5 Rf7 44. Rd6 Kf8 45. Bd5 Rh7 46. Ke4
Ke7 47. Kxe5 Rh2 48. Rxg6 Re2+ 49. Be4 Nf7+ 50. Kf4 Kxd7 51. Rg7 Ke8 52. Bf3
Re7 53. Rg8+ Kd7 54. g6 Nd6 55. Ra8 Ke6 56. Kg5 Ne8 57. Rc8 Ng7 58. Rxc5 Kd7
59. Ra5 Ke6 60. Bd5+ Kd6 61. Kf4 Nh5+ 62. Kf3 Re5 63. Ra6+ Kxd5 64. Ra5+
1/2-1/2

[Event "Olimpiada Calviá 2004"]
[Site "Calviá ESP"]
[Date "2004.10.20"]
[Round "6.6"]
[White "Ftacnik, Lubomir"]
[Black "Bu, Xiangzhi"]
[Result "1/2-1/2"]
[WhiteElo "2533"]
[BlackElo "2615"]
[PlyCount "55"]
[EventDate "2004.10.15"]
[EventType "team"]
[EventRounds "14"]
[EventCountry "ESP"]
[Source "lmi"]
[SourceDate "2004.10.27"]

1. Nf3 d5 2. d4 Nf6 3. c4 c6 4. Nc3 dxc4 5. a4 Bf5 6. Ne5 Nbd7 7. Nxc4 Qc7 8.
g3 e5 9. dxe5 Nxe5 10. Bf4 Nfd7 11. Bg2 f6 12. O-O Nc5 13. Ne3 Be6 14. b4 Rd8
15. Qc2 Na6 16. b5 Nb4 17. Qe4 Bc5 18. bxc6 bxc6 19. Rad1 O-O 20. Nc4 Rxd1 21.
Rxd1 Bd5 22. Bxe5 fxe5 23. Qxe5 Qxe5 24. Nxe5 Rxf2 25. Nxd5 Rxe2+ 26. Kh1 Rxe5
27. Nxb4 Bxb4 28. Bxc6 1/2-1/2

[Event "Olimpiada Calviá 2004"]
[Site "Calviá ESP"]
[Date "2004.10.20"]
[Round "6.7"]
[White "Bluvshtein, Mark"]
[Black "Lputian, Smbat"]
[Result "0-1"]
[WhiteElo "2502"]
[BlackElo "2634"]
[PlyCount "104"]
[EventDate "2004.10.15"]
[EventType "team"]
[EventRounds "14"]
[EventCountry "ESP"]
[Source "lmi"]
[SourceDate "2004.10.27"]

1. e4 e6 2. d4 d5 3. Nc3 Bb4 4. e5 c5 5. a3 Ba5 6. b4 cxd4 7. Nb5 Bc7 8. f4 Bd7
9. Nxc7+ Qxc7 10. Nf3 Ba4 11. Bd3 Ne7 12. Bb2 Nbc6 13. Nxd4 Qb6 14. Qd2 a5 15.
Bc3 axb4 16. axb4 Kd7 17. Nxc6 Qxc6 18. O-O Bb5 19. Bd4 Nf5 20. Bc5 b6 21. Bxb5
Qxb5 22. c4 Qxc4 23. Bxb6 Rhc8 24. Bc5 h5 25. Rfc1 Qe4 26. Rxa8 Rxa8 27. b5 d4
28. Rd1 Qd5 29. Bxd4 Ke8 30. Bc3 Qxb5 31. Bb4 Rb8 32. Ba3 h4 33. Qc3 Qa4 34.
Qd3 Qa7+ 35. Kh1 Qb7 36. h3 Qd5 37. Qc2 Ne3 38. Qa4+ Qb5 39. Qa7 Nd5 40. Kh2
Qb6 41. Qa4+ Qb5 42. Qa7 Qb6 43. Qa4+ Qb5 44. Qc2 Kd7 45. f5 Qb3 46. fxe6+ fxe6
47. Qc5 Qxd1 48. Qd6+ Kc8 49. Qxe6+ Kb7 50. Qd7+ Ka6 51. Bc5 Rb1 52. Qe6+ Kb5
0-1

[Event "Olimpiada Calviá 2004"]
[Site "Calviá ESP"]
[Date "2004.10.20"]
[Round "6.8"]
[White "Egin, Vladimir"]
[Black "Nogueiras, Jesus"]
[Result "0-1"]
[WhiteElo "2459"]
[BlackElo "2546"]
[PlyCount "66"]
[EventDate "2004.10.15"]
[EventType "team"]
[EventRounds "14"]
[EventCountry "ESP"]
[Source "lmi"]
[SourceDate "2004.10.27"]

1. e4 Nf6 2. e5 Nd5 3. d4 d6 4. Nf3 dxe5 5. Nxe5 c6 6. Nd2 Nd7 7. Nd3 g6 8. Nf3
Bg7 9. Be2 c5 10. c4 N5f6 11. d5 b5 12. Nde5 Nxe5 13. Nxe5 bxc4 14. Bf3 O-O 15.
d6 exd6 16. Bxa8 dxe5 17. Qxd8 Rxd8 18. Bg5 Bf5 19. Bf3 Bd3 20. O-O-O h6 21.
Be3 e4 22. Be2 Nd5 23. Bxd3 cxd3 24. Rhe1 f5 25. f3 Nxe3 26. Rxe3 Bf6 27. g3 c4
28. Kb1 Bd4 29. Ree1 e3 30. b3 e2 31. Rd2 Re8 32. bxc4 Rb8+ 33. Kc1 Be3 0-1

[Event "Olimpiada Calviá 2004"]
[Site "Calviá ESP"]
[Date "2004.10.20"]
[Round "6.8"]
[White "Arencibia, Walter"]
[Black "Gareev, Timur"]
[Result "1/2-1/2"]
[WhiteElo "2516"]
[BlackElo "2525"]
[PlyCount "78"]
[EventDate "2004.10.15"]
[EventType "team"]
[EventRounds "14"]
[EventCountry "ESP"]
[Source "lmi"]
[SourceDate "2004.10.27"]

1. d4 Nf6 2. Nf3 g6 3. Nc3 d5 4. Bf4 Bg7 5. e3 O-O 6. Be2 c6 7. h4 Qb6 8. Rb1
Bf5 9. Ne5 c5 10. g4 Be6 11. g5 Nfd7 12. Na4 Qd8 13. Nxc5 Nxc5 14. dxc5 Nc6 15.
Nxc6 bxc6 16. b4 Bf5 17. Bg3 Qd7 18. f3 Qe6 19. Qd2 f6 20. Rb3 Rad8 21. Ra3 Rd7
22. Ra6 fxg5 23. hxg5 Be4 24. Rxc6 Qxc6 25. fxe4 e6 26. Bg4 d4 27. Qd3 Re8 28.
Ke2 Kh8 29. Bd6 Rxd6 30. cxd6 Qxd6 31. exd4 Qf4 32. Bf3 Qxg5 33. e5 Rf8 34. Qe3
Qg3 35. Rg1 Qh2+ 36. Rg2 Qh3 37. Be4 Qh5+ 38. Bf3 Qh3 39. Be4 Qh5+ 1/2-1/2

[Event "Olimpiada Calviá 2004"]
[Site "Calviá ESP"]
[Date "2004.10.20"]
[Round "6.8"]
[White "Filippov, Anton"]
[Black "Quezada, Yuniesky"]
[Result "1-0"]
[WhiteElo "2475"]
[BlackElo "2513"]
[PlyCount "89"]
[EventDate "2004.10.15"]
[EventType "team"]
[EventRounds "14"]
[EventCountry "ESP"]
[Source "lmi"]
[SourceDate "2004.10.27"]

1. d4 Nf6 2. Nf3 e6 3. c4 b6 4. Nc3 Bb7 5. e3 Bb4 6. Bd3 Ne4 7. Qc2 Bxc3+ 8.
bxc3 f5 9. O-O O-O 10. Nd2 Nxd2 11. Bxd2 Qh4 12. f3 Nc6 13. Be1 Qg5 14. e4 Na5
15. exf5 exf5 16. Bd2 Qf6 17. Rfe1 d6 18. c5 dxc5 19. dxc5 Rad8 20. Bf4 Rd5 21.
cxb6 cxb6 22. Be3 Kh8 23. Rad1 h6 24. Bd4 Qg5 25. Bf1 Rdd8 26. Qf2 Nc6 27. Be3
Qf6 28. c4 Ba6 29. Bc1 Qf7 30. Qh4 Kh7 31. Bb2 Rxd1 32. Rxd1 Na5 33. Rd5 Bc8
34. Qd4 Be6 35. Rd6 Rg8 36. Bd3 Nb7 37. Rc6 Na5 38. Rd6 Nb7 39. Rc6 Rd8 40. Qe3
Nc5 41. Bc2 Bxc4 42. Bxg7 Qxg7 43. Bxf5+ Kg8 44. Rg6 Rd1+ 45. Kf2 1-0

[Event "Olimpiada Calviá 2004"]
[Site "Calviá ESP"]
[Date "2004.10.20"]
[Round "6.9"]
[White "Campora, Daniel H"]
[Black "Solak, Dragan"]
[Result "1/2-1/2"]
[WhiteElo "2549"]
[BlackElo "2563"]
[PlyCount "77"]
[EventDate "2004.10.15"]
[EventType "team"]
[EventRounds "14"]
[EventCountry "ESP"]
[Source "lmi"]
[SourceDate "2004.10.27"]

1. e4 c5 2. Nf3 Nc6 3. d4 cxd4 4. Nxd4 Qc7 5. Nc3 e6 6. g3 a6 7. Bg2 Nf6 8. O-O
Bc5 9. Bf4 e5 10. Nb3 exf4 11. Nxc5 fxg3 12. hxg3 d6 13. Nd5 Nxd5 14. exd5 Ne5
15. Nd3 Bg4 16. Qe1 O-O 17. Nxe5 dxe5 18. Qb4 f5 19. d6 Qxc2 20. Qxb7 e4 21.
Qd5+ Kh8 22. f3 exf3 23. Bxf3 Bxf3 24. Rxf3 Qxb2 25. Rd1 Qf6 26. d7 Rad8 27.
Kg2 h6 28. Re3 f4 29. Re6 Qb2+ 30. Rd2 f3+ 31. Kf2 Qb1 32. Re3 Qh1 33. Rxf3
Qh2+ 34. Ke3 Qg1+ 35. Ke2 Qg2+ 36. Ke3 Qg1+ 37. Ke2 Qg2+ 38. Ke3 Qg1+ 39. Ke2
1/2-1/2

[Event "Olimpiada Calviá 2004"]
[Site "Calviá ESP"]
[Date "2004.10.19"]
[Round "6.9"]
[White "Sorin, Ariel"]
[Black "Kosic, Dragan"]
[Result "0-1"]
[WhiteElo "2509"]
[BlackElo "2519"]
[PlyCount "114"]
[EventDate "2004.10.15"]
[EventType "team"]
[EventRounds "14"]
[EventCountry "ESP"]
[Source "lmi"]
[SourceDate "2004.10.27"]

1. d4 e6 2. c4 Bb4+ 3. Nd2 c5 4. a3 Bxd2+ 5. Qxd2 cxd4 6. Nf3 Nf6 7. b4 O-O 8.
Bb2 d5 9. cxd5 Qxd5 10. Qxd4 Nbd7 11. Rc1 Qxd4 12. Nxd4 Nb6 13. e3 Bd7 14. Be2
a5 15. b5 Ne4 16. O-O Rfc8 17. Bf3 Nd6 18. Rfd1 Nbc4 19. Ba1 e5 20. Ne2 Bxb5
21. Nc3 Bc6 22. Nd5 Kf8 23. Bg4 Rd8 24. Be2 Ba4 25. Rd3 Rac8 26. f4 exf4 27.
exf4 Bc6 28. Bf3 b5 29. Rcd1 Nf5 30. Kf2 Bxd5 31. Bxd5 Nb6 32. Bc4 Rxd3 33.
Bxd3 Rd8 34. Ke2 Nd4+ 35. Bxd4 Rxd4 36. Bxb5 Rxd1 37. Kxd1 Nd5 38. Kc2 Nxf4 39.
Kb3 Nxg2 40. Ka4 Ne3 41. Kxa5 Ke7 42. Kb6 Kd6 43. a4 Nd5+ 44. Kb7 Nc3 45. Be8
Nxa4 46. Bxa4 f5 47. Kc8 g5 48. Kd8 h5 49. Ke8 Ke6 50. Kf8 Kf6 51. Kg8 g4 52.
Kh7 Kg5 53. Bc6 f4 54. Bg2 f3 55. Bh1 Kf4 56. Kh6 h4 57. Kh5 g3 0-1

[Event "Olimpiada Calviá 2004"]
[Site "Calviá ESP"]
[Date "2004.10.19"]
[Round "6.10"]
[White "Azmaiparashvili, Zurab"]
[Black "Atalik, Suat"]
[Result "1/2-1/2"]
[WhiteElo "2672"]
[BlackElo "2541"]
[PlyCount "159"]
[EventDate "2004.10.15"]
[EventType "team"]
[EventRounds "14"]
[EventCountry "ESP"]
[Source "lmi"]
[SourceDate "2004.10.27"]

1. d4 d5 2. c4 c6 3. Nf3 Nf6 4. e3 g6 5. Bd3 Bf5 6. Bxf5 gxf5 7. Qb3 Qb6 8. Qc2
e6 9. cxd5 Nxd5 10. O-O Nd7 11. Nbd2 Nb4 12. Qb1 Qb5 13. a3 Nd3 14. b4 Nxc1 15.
Rxc1 Rg8 16. Qa2 Qd5 17. Qxd5 cxd5 18. Rc7 Rb8 19. Ne5 Bd6 20. Nxd7 Bxc7 21.
Nxb8 Bxb8 22. Nb3 b6 23. f4 Kd7 24. Rc1 Bd6 25. Kf2 Rb8 26. b5 a6 27. a4 Ra8
28. Ra1 Bb4 29. Ke2 h5 30. Kd1 Ra7 31. bxa6 Rxa6 32. Nc1 b5 33. Rb1 Rxa4 34.
Nd3 Bd6 35. Rxb5 Ra2 36. Rb2 Rxb2 37. Nxb2 Ke7 38. Nd3 Bc7 39. Nb4 Kf6 40. Kc2
Kg7 41. Kb3 Bd8 42. Ka4 Bh4 43. Nd3 Bd8 44. Kb5 Kf8 45. Ka4 Kg7 46. Kb3 Ba5 47.
Nb4 Kf8 48. Ka4 Bc7 49. Kb5 Bd6 50. Nc2 Bc7 51. Kc5 Bd8 52. Kb5 Bh4 53. g3 Be7
54. Nb4 Ke8 55. Nd3 Ba3 56. Ka4 Be7 57. Nc5 Bf8 58. Kb5 Be7 59. Kc6 Bf8 60. h3
Be7 61. Kb6 Bd8+ 62. Kb5 Be7 63. Nd3 Ba3 64. Ka4 Bd6 65. Nf2 Be7 66. Kb3 Bd8
67. Kc2 Kf8 68. Kd3 Ba5 69. Ke2 Kg7 70. g4 hxg4 71. hxg4 fxg4 72. Nxg4 Kg6 73.
Ne5+ Kf6 74. Kd3 Bc7 75. e4 dxe4+ 76. Kxe4 Bxe5 77. fxe5+ Kg5 78. d5 exd5+ 79.
Kxd5 Kf5 80. Kd6 1/2-1/2

[Event "Olimpiada Calviá 2004"]
[Site "Calviá ESP"]
[Date "2004.10.20"]
[Round "6.10"]
[White "Gagunashvili, Merab"]
[Black "Predojevic, Borki"]
[Result "1/2-1/2"]
[WhiteElo "2567"]
[BlackElo "2509"]
[PlyCount "66"]
[EventDate "2004.10.15"]
[EventType "team"]
[EventRounds "14"]
[EventCountry "ESP"]
[Source "lmi"]
[SourceDate "2004.10.27"]

1. d4 Nf6 2. Nf3 g6 3. c4 Bg7 4. Nc3 d5 5. Qb3 dxc4 6. Qxc4 O-O 7. e4 a6 8. e5
b5 9. Qb3 Nfd7 10. e6 fxe6 11. Qxe6+ Kh8 12. Ng5 Nf6 13. Nf7+ Rxf7 14. Qxf7 Nc6
15. Be3 Nxd4 16. Bxd4 Qxd4 17. Be2 Qe5 18. Rd1 Bb7 19. O-O Rf8 20. Qb3 c5 21.
Qc2 Qg5 22. g3 Qe5 23. Rd3 c4 24. Re3 Qc7 25. Bf3 Bh6 26. Bxb7 Bxe3 27. Bxa6
Ng4 28. Ne4 Qe5 29. a4 bxa4 30. Bxc4 Bd4 31. Qe2 Nf6 32. Nxf6 Qxe2 33. Bxe2
Bxf6 1/2-1/2

[Event "Olimpiada Calviá 2004"]
[Site "Calviá ESP"]
[Date "2004.10.19"]
[Round "6.11"]
[White "Oral, Tomas"]
[Black "Mihalcisin, Adrian"]
[Result "1/2-1/2"]
[WhiteElo "2565"]
[BlackElo "2512"]
[PlyCount "70"]
[EventDate "2004.10.15"]
[EventType "team"]
[EventRounds "14"]
[EventCountry "ESP"]
[Source "lmi"]
[SourceDate "2004.10.27"]

1. e4 e5 2. Nf3 Nf6 3. d4 Nxe4 4. Bd3 d5 5. Nxe5 Nd7 6. Nxd7 Bxd7 7. O-O Bd6 8.
Nc3 Nxc3 9. bxc3 Qh4 10. Re1+ Kd8 11. g3 Qg4 12. Be2 Qf5 13. Rb1 b6 14. c4 dxc4
15. Bxc4 Re8 16. Rxe8+ Kxe8 17. Rb3 Bc6 18. d5 Bd7 19. Rf3 Qg6 20. Bd3 f5 21.
Qe2+ Kf7 22. Bxf5 Bxf5 23. Qd3 Re8 24. Rxf5+ Kg8 25. Bb2 Qg4 26. Rf3 Re1+ 27.
Kg2 Qe4 28. Qa6 h5 29. Qc8+ Kh7 30. Qd7 Be5 31. Bxe5 Qxe5 32. Rf5 Qe2 33. Kh3
Qg4+ 34. Kg2 Qe2 35. Kh3 Qg4+ 1/2-1/2

[Event "Olimpiada Calviá 2004"]
[Site "Calviá ESP"]
[Date "2004.10.20"]
[Round "6.11"]
[White "Pavasovic, Dusko"]
[Black "Stocek, Jiri"]
[Result "1/2-1/2"]
[WhiteElo "2581"]
[BlackElo "2569"]
[PlyCount "50"]
[EventDate "2004.10.15"]
[EventType "team"]
[EventRounds "14"]
[EventCountry "ESP"]
[Source "lmi"]
[SourceDate "2004.10.27"]

1. e4 e5 2. Nf3 Nc6 3. d4 exd4 4. Nxd4 Bb4+ 5. c3 Be7 6. Bc4 Nf6 7. Nxc6 bxc6
8. e5 Ne4 9. O-O O-O 10. Qc2 d5 11. exd6 Nxd6 12. Bd3 g6 13. Bh6 Re8 14. Nd2
Bf5 15. Bf4 Bg5 16. Bxg5 Qxg5 17. Bxf5 Re2 18. Bd7 Rxd2 19. Qa4 Qb5 20. Qxb5
cxb5 21. b3 Rb8 22. Rfd1 Rc2 23. Rdc1 Rd2 24. Rd1 Rc2 25. Rdc1 Rd2 1/2-1/2

[Event "Olimpiada Calviá 2004"]
[Site "Calviá ESP"]
[Date "2004.10.20"]
[Round "6.11"]
[White "Haba, Petr"]
[Black "Borisek, Jure"]
[Result "1/2-1/2"]
[WhiteElo "2520"]
[BlackElo "2489"]
[PlyCount "55"]
[EventDate "2004.10.15"]
[EventType "team"]
[EventRounds "14"]
[EventCountry "ESP"]
[Source "lmi"]
[SourceDate "2004.10.27"]

1. e4 e5 2. Nf3 Nc6 3. Bb5 a6 4. Ba4 Nf6 5. O-O Be7 6. Re1 b5 7. Bb3 d6 8. c3
O-O 9. h3 Nb8 10. d4 Nbd7 11. Nbd2 Bb7 12. Bc2 Re8 13. Nf1 Bf8 14. Ng3 g6 15.
a4 c5 16. d5 c4 17. Bg5 h6 18. Be3 Nc5 19. Qd2 h5 20. Bg5 Be7 21. Ra3 Rb8 22.
Rea1 Qb6 23. axb5 axb5 24. Be3 Bc8 25. Ra7 Bd7 26. Qd1 Rec8 27. Qb1 Qd8 28. Nd2
1/2-1/2

[Event "Olimpiada Calviá 2004"]
[Site "Calviá ESP"]
[Date "2004.10.20"]
[Round "6.12"]
[White "Espinosa, Rafael"]
[Black "Hebden, Mark"]
[Result "0-1"]
[WhiteElo "2412"]
[BlackElo "2550"]
[PlyCount "68"]
[EventDate "2004.10.15"]
[EventType "team"]
[EventRounds "14"]
[EventCountry "ESP"]
[Source "lmi"]
[SourceDate "2004.10.27"]

1. e4 e5 2. Nf3 Nc6 3. Bb5 a6 4. Bxc6 dxc6 5. O-O Bd6 6. d4 exd4 7. Qxd4 f6 8.
b3 Qe7 9. Nbd2 Bd7 10. Nc4 Bc5 11. Qc3 O-O-O 12. Be3 Bb4 13. Qd4 c5 14. Qb2 Bb5
15. a3 Bxc4 16. bxc4 Ba5 17. Rab1 Qxe4 18. Bxc5 Nh6 19. Qb3 Nf5 20. Rfd1 g5 21.
Rd5 b6 22. Bb4 Bxb4 23. axb4 Rxd5 24. cxd5 g4 25. Nd2 Qd4 26. Nf1 h5 27. c3 Qe4
28. Rd1 h4 29. Qb1 Qxb1 30. Rxb1 Re8 31. Rd1 Re2 32. Nd2 g3 33. hxg3 hxg3 34.
fxg3 Ne3 0-1

[Event "Olimpiada Calviá 2004"]
[Site "Calviá ESP"]
[Date "2004.10.20"]
[Round "6.13"]
[White "Dizdar, Goran"]
[Black "Gulko, Boris F"]
[Result "1/2-1/2"]
[WhiteElo "2535"]
[BlackElo "2600"]
[PlyCount "80"]
[EventDate "2004.10.15"]
[EventType "team"]
[EventRounds "14"]
[EventCountry "ESP"]
[Source "lmi"]
[SourceDate "2004.10.27"]

1. d4 Nf6 2. Nf3 e6 3. e3 b6 4. Bd3 Bb7 5. O-O Be7 6. c4 O-O 7. b3 c5 8. Bb2
cxd4 9. exd4 d5 10. Nc3 Nbd7 11. Qe2 dxc4 12. bxc4 Bxf3 13. Qxf3 e5 14. Nb5
exd4 15. Nxd4 Ne5 16. Qe2 Bd6 17. Bc2 Re8 18. Ba4 Ned7 19. Qd1 Qc7 20. g3 a6
21. Rb1 Be5 22. Ba3 Bxd4 23. Qxd4 Re4 24. Qd1 Nc5 25. Bc2 Rd8 26. Qf3 Rxc4 27.
Rfc1 b5 28. Bb2 Qb6 29. Qf5 Rd5 30. Qf3 Rd8 31. Qf5 Qe6 32. Bxf6 Qxf5 33. Bxf5
gxf6 34. Rxc4 bxc4 35. Rb4 Rd4 36. Kf1 Ne4 37. Bxe4 Rxe4 38. Ra4 Kg7 39. Rxa6
c3 40. Rc6 Ra4 1/2-1/2

[Event "Olimpiada Calviá 2004"]
[Site "Calviá ESP"]
[Date "2004.10.20"]
[Round "6.14"]
[White "Almasi, Zoltan"]
[Black "Fridman, Daniel"]
[Result "1-0"]
[WhiteElo "2650"]
[BlackElo "2578"]
[PlyCount "69"]
[EventDate "2004.10.15"]
[EventType "team"]
[EventRounds "14"]
[EventCountry "ESP"]
[Source "lmi"]
[SourceDate "2004.10.27"]

1. e4 c6 2. d4 d5 3. Nc3 dxe4 4. Nxe4 Bf5 5. Ng3 Bg6 6. h4 h6 7. Nf3 Nd7 8. h5
Bh7 9. Bd3 Bxd3 10. Qxd3 e6 11. Bf4 Qa5+ 12. Bd2 Bb4 13. c3 Be7 14. c4 Qc7 15.
d5 O-O-O 16. Qe2 Ngf6 17. O-O Bd6 18. dxc6 Qxc6 19. Nd4 Qc5 20. Nb3 Qc7 21. c5
Bxg3 22. fxg3 Qe5 23. Qf3 Qe4 24. c6 bxc6 25. Qc3 Qd5 26. Rac1 Nb8 27. Bf4 Qxh5
28. Qb4 e5 29. Nc5 Rd7 30. Nxd7 Nfxd7 31. Be3 a6 32. Rc3 f6 33. Qd6 Qg4 34.
Rfc1 Rf8 35. Rb3 1-0